Le Moyen-Orient et le pétrole - Statistiques

Statistiques générales
  • Ce quiz a été pris 110 fois
  • Le résultat moyen est 8 sur 10
Statistiques - réponses
Hint Réponse % Correct
La proclamation d'Israel 1948
92%
L'intervention Américaine en Irak 2003
90%
La guerre des Six-jours entre l'Israel et ses voisins arabes 1967
87%
Le premier choc pétrolier 1973
86%
La nationalisation du Canal de Suez 1956
84%
Le second choc pétrolier 1979
81%
La Guerre du Golf 1991
81%
La création de l'OPEP 1960
58%
La Guerre d'Iran/Irak 1980 1988
57%
Yasser Arafat, président de l'autorité palestinienne 1996
49%
Aucun quiz correspondant
Distribution des résultats
% des personnes avec chaque résultat
Percentile par nombre de réponses
Votre historique - résultats
Vous n’avez pas pris ce quiz